[Event "Junior-SM"]
[Site "Örebro"]
[Date "2013.07.12"]
[Round "7"]
[White "Ollén, Martin"]
[Black "Ölund, Joar"]
[Result "0-1"]
[BlackElo "2237"]
[WhiteElo "1883"]

1. e4 {[%clk 1:30:56]} g6 {[%clk 1:30:38]} 2. d4 {[%clk 1:30:59]} Bg7
{[%clk 1:31:06]} 3. Nc3 {[%clk 1:31:11]} d6 {[%clk 1:31:34]} 4. f4
{[%clk 1:30:57]} a6 {[%clk 1:32:03]} 5. Nf3 {[%clk 1:30:59]} b5 {[%clk 1:32:32]}
6. Bd3 {[%clk 1:30:15]} Nd7 {[%clk 1:32:52]} 7. Qe2 {[%clk 1:16:41]} c5
{[%clk 1:32:19]} 8. e5 {[%clk 1:09:25]} cxd4 {[%clk 1:22:34]} 9. Be4
{[%clk 1:05:58]} Rb8 {[%clk 1:15:15]} 10. Nxd4 {[%clk 0:59:57]} dxe5
{[%clk 1:14:44]} 11. Nc6 {[%clk 0:55:23]} Qc7 {[%clk 1:14:46]} 12. Nxb8
{[%clk 0:50:19]} Qxb8 {[%clk 1:15:12]} 13. O-O {[%clk 0:40:54]} e6
{[%clk 1:05:23]} 14. Qf2 {[%clk 0:36:06]} f5 {[%clk 1:00:38]} 15. Bc6
{[%clk 0:31:17]} Ngf6 {[%clk 1:01:06]} 16. Kh1 {[%clk 0:25:47]} O-O
{[%clk 1:00:08]} 17. a4 {[%clk 0:20:48]} b4 {[%clk 0:59:25]} 18. Ne2
{[%clk 0:20:48]} Bb7 {[%clk 0:52:40]} 19. Bxb7 {[%clk 0:19:37]} Qxb7
{[%clk 0:53:09]} 20. Qe1 {[%clk 0:16:01]} Ne4 {[%clk 0:43:06]} 21. c3
{[%clk 0:13:51]} Ndc5 {[%clk 0:42:30]} 22. Be3 {[%clk 0:12:25]} Nd3
{[%clk 0:40:10]} 23. Qb1 {[%clk 0:12:18]} Rd8 {[%clk 0:38:16]} 24. fxe5
{[%clk 0:11:17]} Qe7 {[%clk 0:32:31]} 25. Nd4 {[%clk 0:05:07]} Nxe5
{[%clk 0:32:51]} 26. Nf3 {[%clk 0:04:38]} Ng4 {[%clk 0:32:05]} 27. Bd4
{[%clk 0:03:21]} e5 {[%clk 0:26:18]} 28. Bg1 {[%clk 0:03:47]} g5 {[%clk 0:23:50]}
29. cxb4 {[%clk 0:03:21]} Qf6 {[%clk 0:21:44]} 30. Qa2+ {[%clk 0:02:47]} Kh8
{[%clk 0:22:11]} 31. Bc5 {[%clk 0:00:48]} Nxc5 {[%clk 0:22:06]} 32. bxc5
{[%clk 0:01:17]} e4 {[%clk 0:22:29]} 33. Ng1 {[%clk 0:01:03]} Qe5
{[%clk 0:22:42]} 0-1

[Event "Junior-SM"]
[Site "Örebro"]
[Date "2013.07.13"]
[Round "8"]
[White "Cederstam Barsk, Carl"]
[Black "Ölund, Joar"]
[Result "1-0"]
[BlackElo "2237"]
[WhiteElo "2232"]

1. e4 {[%clk 1:30:56]} c5 {[%clk 1:30:34]} 2. Nf3 {[%clk 1:30:38]} Nc6
{[%clk 1:26:54]} 3. Bb5 {[%clk 1:30:15]} d6 {[%clk 1:26:43]} 4. c3
{[%clk 1:28:57]} Nf6 {[%clk 1:25:54]} 5. Qe2 {[%clk 1:27:25]} Bg4
{[%clk 1:16:11]} 6. O-O {[%clk 1:23:25]} Qd7 {[%clk 1:07:47]} 7. h3
{[%clk 1:14:08]} Bxf3 {[%clk 1:07:34]} 8. Qxf3 {[%clk 1:14:34]} a6
{[%clk 1:07:59]} 9. Ba4 {[%clk 1:14:09]} b5 {[%clk 1:07:21]} 10. Bc2
{[%clk 1:14:28]} g5 {[%clk 1:01:46]} 11. d4 {[%clk 0:53:16]} cxd4
{[%clk 0:55:50]} 12. Bxg5 {[%clk 0:45:49]} dxc3 {[%clk 0:46:51]} 13. Bxf6
{[%clk 0:43:21]} exf6 {[%clk 0:47:08]} 14. Nxc3 {[%clk 0:43:28]} Ne5
{[%clk 0:42:13]} 15. Qxf6 {[%clk 0:40:19]} Rg8 {[%clk 0:42:18]} 16. Qf5
{[%clk 0:40:33]} Bg7 {[%clk 0:26:23]} 17. a4 {[%clk 0:33:34]} b4 {[%clk 0:21:46]}
18. Nd5 {[%clk 0:33:02]} Rc8 {[%clk 0:19:17]} 19. Rac1 {[%clk 0:30:11]} Qxf5
{[%clk 0:14:25]} 20. exf5 {[%clk 0:30:37]} Rc5 {[%clk 0:14:51]} 21. Be4
{[%clk 0:30:27]} Nc4 {[%clk 0:14:02]} 22. Nxb4 {[%clk 0:25:43]} Nd2
{[%clk 0:11:44]} 23. Nxa6 {[%clk 0:19:18]} Nxf1 {[%clk 0:03:02]} 24. Nxc5
{[%clk 0:18:50]} dxc5 {[%clk 0:03:31]} 25. Rxc5 {[%clk 0:18:47]} Ke7
{[%clk 0:03:59]} 26. Kxf1 {[%clk 0:18:23]} Bxb2 {[%clk 0:03:29]} 27. Rc7+
{[%clk 0:18:01]} Kf6 {[%clk 0:03:41]} 28. Bd5 {[%clk 0:16:00]} Rd8
{[%clk 0:02:41]} 29. Rxf7+ {[%clk 0:15:44]} Ke5 {[%clk 0:03:10]} 30. Bf3
{[%clk 0:16:00]} Rd4 {[%clk 0:03:20]} 31. Rxh7 {[%clk 0:14:50]} Rxa4
{[%clk 0:03:25]} 32. g4 {[%clk 0:12:56]} Bd4 {[%clk 0:00:58]} 33. Kg2
{[%clk 0:12:15]} Ra2 {[%clk 0:01:02]} 34. Re7+ {[%clk 0:12:42]} Kf6
{[%clk 0:00:56]} 35. Re6+ {[%clk 0:12:37]} Kg5 {[%clk 0:01:00]} 36. Be2
{[%clk 0:12:47]} Kf4 {[%clk 0:00:33]} 37. f6 {[%clk 0:12:46]} Ra7 38. Re7
{[%clk 0:13:04]} Bc5 {[%clk 0:00:55]} 39. Rxa7 {[%clk 0:10:29]} Bxa7
{[%clk 0:01:19]} 40. h4 {[%clk 0:40:51]} Ke5 {[%clk 0:31:34]} 41. g5
{[%clk 0:41:09]} Ke6 {[%clk 0:31:56]} 42. Bg4+ {[%clk 0:41:19]} Kf7
{[%clk 0:32:21]} 43. Bf5 {[%clk 0:41:37]} Kg8 {[%clk 0:32:41]} 44. Kg3
{[%clk 0:41:48]} Bd4 {[%clk 0:32:56]} 45. Bg6 {[%clk 0:41:52]} Be5+
{[%clk 0:32:58]} 46. f4 {[%clk 0:41:28]} Bd4 {[%clk 0:33:27]} 47. Kg4
{[%clk 0:41:48]} Be3 {[%clk 0:33:32]} 48. Kf5 {[%clk 0:42:12]} Bd2
{[%clk 0:33:49]} 49. h5 {[%clk 0:42:32]} Bb4 {[%clk 0:33:35]} 50. h6
{[%clk 0:41:54]} Ba3 {[%clk 0:33:25]} 51. Bf7+ {[%clk 0:41:48]} 1-0

[Event "Junior-SM"]
[Site "Örebro"]
[Date "2013.07.13"]
[Round "8"]
[White "Rydström, Tom"]
[Black "Ollén, Martin"]
[Result "1-0"]
[BlackElo "1883"]
[WhiteElo "2172"]

1. e4 {[%clk 1:30:30]} c5 {[%clk 1:29:13]} 2. Nf3 {[%clk 1:30:48]} Nc6
{[%clk 1:29:35]} 3. d4 {[%clk 1:31:15]} cxd4 {[%clk 1:30:00]} 4. Nxd4
{[%clk 1:31:42]} Nf6 {[%clk 1:30:18]} 5. Nc3 {[%clk 1:32:09]} e5 {[%clk 1:30:39]}
6. Ndb5 {[%clk 1:32:27]} d6 {[%clk 1:30:34]} 7. Bg5 {[%clk 1:32:52]} a6
{[%clk 1:30:42]} 8. Na3 {[%clk 1:33:13]} b5 {[%clk 1:30:53]} 9. Bxf6
{[%clk 1:33:38]} gxf6 {[%clk 1:31:09]} 10. Nd5 {[%clk 1:34:04]} f5
{[%clk 1:31:20]} 11. exf5 {[%clk 1:34:28]} Bg7 {[%clk 0:56:15]} 12. f6
{[%clk 1:21:09]} Bxf6 {[%clk 0:54:21]} 13. Qf3 {[%clk 1:21:28]} Bg7
{[%clk 0:52:31]} 14. Nb4 {[%clk 1:19:02]} Nxb4 {[%clk 0:38:38]} 15. Qxa8
{[%clk 1:19:27]} Qc7 {[%clk 0:38:04]} 16. c3 {[%clk 1:18:12]} Nc6
{[%clk 0:38:08]} 17. Bxb5 {[%clk 1:15:24]} axb5 {[%clk 0:37:17]} 18. Nxb5
{[%clk 1:15:49]} Qd7 {[%clk 0:34:15]} 19. Qxc8+ {[%clk 1:14:15]} Qxc8
{[%clk 0:33:11]} 20. Nxd6+ {[%clk 1:14:41]} Ke7 {[%clk 0:32:48]} 21. Nxc8+
{[%clk 1:15:04]} Rxc8 {[%clk 0:33:13]} 22. O-O {[%clk 1:15:12]} Na5
{[%clk 0:33:07]} 23. a4 {[%clk 1:11:57]} e4 {[%clk 0:28:17]} 24. Rfb1
{[%clk 1:02:35]} Kd6 {[%clk 0:17:58]} 25. Ra2 {[%clk 1:01:20]} Nb3
{[%clk 0:14:21]} 26. Ra3 {[%clk 1:01:38]} Nd2 {[%clk 0:13:23]} 27. Rd1
{[%clk 1:01:57]} Bh6 {[%clk 0:13:46]} 28. a5 {[%clk 0:55:46]} Kc6
{[%clk 0:12:13]} 29. a6 {[%clk 0:53:50]} Ra8 {[%clk 0:12:24]} 30. a7
{[%clk 0:51:14]} Kb7 {[%clk 0:12:07]} 31. Rda1 {[%clk 0:51:27]} e3
{[%clk 0:10:16]} 32. fxe3 {[%clk 0:48:01]} Bxe3+ {[%clk 0:10:31]} 33. Kh1
{[%clk 0:48:27]} Ne4 {[%clk 0:07:22]} 34. g3 {[%clk 0:44:07]} Bxa7
{[%clk 0:04:29]} 35. Re1 {[%clk 0:41:40]} f5 {[%clk 0:03:58]} 36. Rea1
{[%clk 0:40:36]} Nf2+ {[%clk 0:02:09]} 37. Kg2 {[%clk 0:40:55]} Ng4
{[%clk 0:02:36]} 38. b4 {[%clk 0:39:56]} Ne3+ {[%clk 0:02:56]} 39. Kf3
{[%clk 0:40:09]} Nc2 {[%clk 0:03:13]} 40. Rxa7+ {[%clk 0:40:11]} Rxa7
{[%clk 0:33:30]} 41. Rxa7+ {[%clk 1:10:33]} Kxa7 {[%clk 0:33:55]} 42. Kf4
{[%clk 1:10:53]} Kb6 {[%clk 0:33:55]} 43. h4 {[%clk 1:08:00]} h5 {[%clk 0:28:16]}
44. Kxf5 {[%clk 1:05:30]} Ne3+ {[%clk 0:25:05]} 45. Kg5 {[%clk 1:05:57]} Nf1
{[%clk 0:24:15]} 46. Kxh5 {[%clk 1:06:21]} Nxg3+ {[%clk 0:24:39]} 47. Kg6
{[%clk 1:06:11]} Ne2 {[%clk 0:24:23]} 48. h5 {[%clk 1:06:33]} Nxc3
{[%clk 0:24:20]} 49. h6 {[%clk 1:06:23]} Nd5 {[%clk 0:23:20]} 50. h7
{[%clk 1:06:23]} Nxb4 {[%clk 0:23:26]} 51. h8=Q {[%clk 1:06:43]} Kc5
{[%clk 0:23:45]} 52. Kf5 {[%clk 1:07:05]} Kc4 {[%clk 0:23:46]} 53. Ke4
{[%clk 1:07:22]} Kb3 {[%clk 0:24:06]} 54. Qc8 {[%clk 1:07:22]} Kb2
{[%clk 0:24:11]} 55. Qc4 {[%clk 1:07:27]} Nc2 {[%clk 0:24:00]} 56. Kd3
{[%clk 1:07:12]} Na1 {[%clk 0:23:22]} 57. Qc3+ {[%clk 1:07:31]} Ka2
{[%clk 0:23:39]} 58. Qb4 1-0

[Event "Junior-SM"]
[Site "Örebro"]
[Date "2013.07.13"]
[Round "8"]
[White "Bengtsson, Jessica"]
[Black "Olofsson-Dolk, Mattis"]
[Result "1/2-1/2"]
[BlackElo "2113"]
[WhiteElo "1917"]

1. e4 {[%clk 1:28:18]} c5 {[%clk 1:30:52]} 2. c3 {[%clk 1:28:42]} Nf6
{[%clk 1:31:15]} 3. e5 {[%clk 1:29:07]} Nd5 {[%clk 1:31:39]} 4. d4
{[%clk 1:29:31]} cxd4 {[%clk 1:31:59]} 5. Nf3 {[%clk 1:29:53]} Nc6
{[%clk 1:32:16]} 6. cxd4 {[%clk 1:30:13]} d6 {[%clk 1:32:19]} 7. Bc4
{[%clk 1:30:14]} e6 {[%clk 1:32:39]} 8. O-O {[%clk 1:30:27]} Be7 {[%clk 1:33:00]}
9. Qe2 {[%clk 1:29:52]} O-O {[%clk 1:32:04]} 10. Nc3 {[%clk 1:27:48]} Nxc3
{[%clk 1:26:45]} 11. bxc3 {[%clk 1:28:12]} dxe5 {[%clk 1:25:43]} 12. dxe5
{[%clk 1:28:21]} b6 {[%clk 1:20:34]} 13. Bd3 {[%clk 1:16:22]} Bb7
{[%clk 1:19:49]} 14. Qe4 {[%clk 1:13:42]} g6 {[%clk 1:20:06]} 15. Bh6
{[%clk 1:13:08]} Re8 {[%clk 1:20:19]} 16. Rad1 {[%clk 1:00:19]} Qc7
{[%clk 1:18:50]} 17. Qf4 {[%clk 0:56:05]} Rac8 {[%clk 0:58:49]} 18. Rfe1
{[%clk 0:50:48]} Nb8 {[%clk 0:47:46]} 19. Ng5 {[%clk 0:41:59]} Bxg5
{[%clk 0:46:53]} 20. Qxg5 {[%clk 0:33:57]} Qe7 {[%clk 0:46:18]} 21. Qf4
{[%clk 0:33:08]} a6 {[%clk 0:42:45]} 22. Bg5 {[%clk 0:30:29]} Qf8
{[%clk 0:41:59]} 23. Bh6 {[%clk 0:27:24]} Qe7 {[%clk 0:42:13]} 24. Bg5
{[%clk 0:21:22]} Qf8 {[%clk 0:41:00]} 25. Bh6 {[%clk 0:19:23]} Qe7 1/2-1/2

[Event "Junior-SM"]
[Site "Örebro"]
[Date "2013.07.13"]
[Round "8"]
[White "Berggren Torell, Harald"]
[Black "Arvidsson, Rasmus"]
[Result "1-0"]
[BlackElo "1870"]
[WhiteElo "2100"]

1. g3 {[%clk 1:30:58]} d5 {[%clk 1:30:38]} 2. d3 {[%clk 1:30:38]} Nf6
{[%clk 1:29:29]} 3. f4 {[%clk 1:30:02]} Nc6 {[%clk 1:27:38]} 4. Nf3
{[%clk 1:30:18]} Bg4 {[%clk 1:27:11]} 5. Nbd2 {[%clk 1:30:25]} Qd7
{[%clk 1:24:23]} 6. h3 {[%clk 1:27:27]} Bxf3 {[%clk 1:22:30]} 7. Nxf3
{[%clk 1:27:50]} O-O-O {[%clk 1:21:51]} 8. Bg2 {[%clk 1:21:38]} e6
{[%clk 1:18:33]} 9. O-O {[%clk 1:21:24]} h5 {[%clk 1:14:47]} 10. c3
{[%clk 1:12:08]} Bc5+ {[%clk 1:03:32]} 11. Kh2 {[%clk 1:01:05]} e5
{[%clk 0:42:36]} 12. fxe5 {[%clk 0:56:19]} Ng4+ {[%clk 0:37:43]} 13. hxg4
{[%clk 0:56:35]} hxg4+ {[%clk 0:37:27]} 14. Nh4 {[%clk 0:56:47]} Qe7
{[%clk 0:36:53]} 15. d4 {[%clk 0:44:13]} g5 {[%clk 0:33:23]} 16. Qd3
{[%clk 0:24:03]} gxh4 {[%clk 0:30:36]} 17. Qf5+ {[%clk 0:24:05]} Kb8
{[%clk 0:30:27]} 18. Bg5 {[%clk 0:22:17]} hxg3+ {[%clk 0:26:08]} 19. Kxg3
{[%clk 0:22:07]} Qf8 {[%clk 0:23:26]} 20. Qxf7 {[%clk 0:20:11]} Be7
{[%clk 0:22:06]} 21. Qxf8 {[%clk 0:15:55]} Rhxf8 {[%clk 0:22:15]} 22. Rxf8
{[%clk 0:14:43]} Rxf8 {[%clk 0:22:38]} 23. Bxe7 {[%clk 0:14:45]} Nxe7
{[%clk 0:22:53]} 24. Rf1 {[%clk 0:14:59]} Nf5+ {[%clk 0:22:21]} 25. Kh2
{[%clk 0:13:17]} Rh8+ {[%clk 0:18:28]} 26. Kg1 {[%clk 0:13:40]} Ne3
{[%clk 0:16:17]} 27. Rf7 {[%clk 0:13:06]} Kc8 {[%clk 0:15:16]} 28. Kf2
{[%clk 0:06:58]} Nxg2 {[%clk 0:13:22]} 29. Kxg2 {[%clk 0:07:24]} Rh6
{[%clk 0:10:30]} 30. Rf6 {[%clk 0:06:24]} Rh3 {[%clk 0:08:49]} 31. Rg6
{[%clk 0:06:03]} Re3 {[%clk 0:08:36]} 32. Kf2 {[%clk 0:06:27]} Re4
{[%clk 0:08:54]} 33. e3 {[%clk 0:06:26]} Kd7 {[%clk 0:08:29]} 34. Rg7+
{[%clk 0:05:07]} Kc6 {[%clk 0:06:35]} 35. b3 {[%clk 0:04:13]} Kb6
{[%clk 0:04:31]} 36. Ke2 {[%clk 0:04:41]} c6 {[%clk 0:03:02]} 37. Kf2
{[%clk 0:03:42]} Ka6 {[%clk 0:03:01]} 38. Ke2 {[%clk 0:04:08]} b5
{[%clk 0:02:10]} 39. Rf7 {[%clk 0:03:24]} g3 {[%clk 0:01:58]} 40. Rg7
{[%clk 0:33:43]} Rh4 {[%clk 0:30:39]} 41. Rxg3 {[%clk 0:31:31]} Rh6
{[%clk 0:30:22]} 42. Kf3 {[%clk 0:28:35]} Kb6 {[%clk 0:30:11]} 43. Kf4
{[%clk 0:27:59]} Rh7 {[%clk 0:26:19]} 44. Kf5 {[%clk 0:27:15]} a5
{[%clk 0:24:45]} 45. Kf6 {[%clk 0:26:34]} c5 {[%clk 0:23:37]} 46. e6
{[%clk 0:24:17]} Kc6 {[%clk 0:21:21]} 47. dxc5 {[%clk 0:24:31]} Rh2
{[%clk 0:20:33]} 48. a4 {[%clk 0:24:02]} bxa4 {[%clk 0:20:46]} 49. bxa4
{[%clk 0:24:25]} Rf2+ {[%clk 0:18:24]} 50. Kg7 {[%clk 0:23:06]} Kc7
{[%clk 0:18:20]} 51. Rg5 {[%clk 0:21:36]} Rf3 {[%clk 0:16:21]} 52. Re5
{[%clk 0:21:05]} Kd8 {[%clk 0:16:32]} 53. c6 {[%clk 0:21:10]} Rg3+
{[%clk 0:16:40]} 54. Kf6 {[%clk 0:21:02]} Rf3+ {[%clk 0:17:02]} 55. Kg5
{[%clk 0:19:47]} Ke7 {[%clk 0:15:59]} 56. c7 {[%clk 0:19:14]} Rg3+
{[%clk 0:15:58]} 57. Kf5 {[%clk 0:19:14]} Rf3+ {[%clk 0:15:46]} 58. Kg4
{[%clk 0:19:34]} Rf8 {[%clk 0:15:53]} 59. Rxd5 {[%clk 0:19:33]} Rc8
{[%clk 0:13:27]} 60. Kf5 {[%clk 0:19:16]} Rf8+ {[%clk 0:12:12]} 61. Ke5
{[%clk 0:18:49]} Ra8 {[%clk 0:11:28]} 62. Rd7+ {[%clk 0:19:10]} Ke8
{[%clk 0:11:47]} 63. Rd8+ {[%clk 0:19:34]} Ke7 {[%clk 0:12:01]} 64. Rb8
{[%clk 0:18:48]} Rxb8 {[%clk 0:11:35]} 65. cxb8=N {[%clk 0:19:06]} 1-0

[Event "Junior-SM"]
[Site "Örebro"]
[Date "2013.07.13"]
[Round "8"]
[White "Lokander, Martin"]
[Black "Kassani, Sam"]
[Result "1-0"]
[BlackElo "2172"]
[WhiteElo "2238"]

1. c4 {[%clk 1:30:55]} c5 {[%clk 1:24:04]} 2. g3 {[%clk 1:30:55]} g6
{[%clk 1:24:09]} 3. Bg2 {[%clk 1:31:14]} Bg7 {[%clk 1:24:17]} 4. Nc3
{[%clk 1:31:37]} Nc6 {[%clk 1:24:29]} 5. Nf3 {[%clk 1:31:32]} e6 {[%clk 1:21:33]}
6. d3 {[%clk 1:31:51]} Nge7 {[%clk 1:21:19]} 7. Bg5 {[%clk 1:32:16]} h6
{[%clk 1:16:43]} 8. Bd2 {[%clk 1:32:28]} d5 {[%clk 1:03:29]} 9. Qc1
{[%clk 1:26:15]} Nf5 {[%clk 0:59:01]} 10. O-O {[%clk 1:23:19]} Nfe7
{[%clk 0:41:44]} 11. Rb1 {[%clk 1:20:36]} Kf8 {[%clk 0:35:26]} 12. a3
{[%clk 1:19:51]} Kg8 {[%clk 0:27:10]} 13. b4 {[%clk 1:19:51]} cxb4
{[%clk 0:26:15]} 14. axb4 {[%clk 1:19:50]} Kh7 {[%clk 0:25:24]} 15. b5
{[%clk 1:17:27]} Nb8 {[%clk 0:24:38]} 16. Qa3 {[%clk 1:08:53]} Nd7
{[%clk 0:17:42]} 17. Na4 {[%clk 1:07:32]} b6 {[%clk 0:16:35]} 18. Bb4
{[%clk 1:07:47]} Re8 {[%clk 0:14:09]} 19. Nd2 {[%clk 1:00:03]} Bb7
{[%clk 0:11:51]} 20. c5 {[%clk 0:55:37]} bxc5 {[%clk 0:11:55]} 21. Nxc5
{[%clk 0:55:54]} Nxc5 {[%clk 0:12:07]} 22. Bxc5 {[%clk 0:56:20]} Nc8
{[%clk 0:11:52]} 23. Nb3 {[%clk 0:56:28]} Bf8 {[%clk 0:09:45]} 24. Rfc1
{[%clk 0:50:34]} Nb6 {[%clk 0:07:48]} 25. d4 {[%clk 0:47:51]} Qd7
{[%clk 0:05:10]} 26. Qb4 {[%clk 0:47:09]} Rac8 {[%clk 0:04:30]} 27. Ra1
{[%clk 0:46:13]} Ba8 {[%clk 0:04:29]} 28. e3 {[%clk 0:43:17]} Rb8
{[%clk 0:03:54]} 29. Bxf8 {[%clk 0:31:10]} Rxf8 {[%clk 0:04:18]} 30. Nc5
{[%clk 0:31:39]} Qe7 {[%clk 0:03:03]} 31. Qa3 {[%clk 0:31:24]} Nc4
{[%clk 0:01:35]} 32. Qxa7 {[%clk 0:31:44]} Qxa7 {[%clk 0:00:52]} 33. Rxa7
{[%clk 0:32:11]} Kg8 {[%clk 0:00:43]} 34. Nd7 1-0

[Event "Junior-SM"]
[Site "Örebro"]
[Date "2013.07.14"]
[Round "9"]
[White "Arvidsson, Rasmus"]
[Black "Lokander, Martin"]
[Result "0-1"]
[BlackElo "2238"]
[WhiteElo "1870"]

1. e4 {[%clk 1:30:53]} c5 {[%clk 1:28:53]} 2. Nf3 {[%clk 1:31:07]} Nc6
{[%clk 1:29:14]} 3. d4 {[%clk 1:31:22]} cxd4 {[%clk 1:29:40]} 4. Nxd4
{[%clk 1:31:47]} e5 {[%clk 1:30:05]} 5. Nb5 {[%clk 1:32:01]} d6 {[%clk 1:30:28]}
6. c4 {[%clk 1:27:41]} Be7 {[%clk 1:30:00]} 7. N1c3 {[%clk 1:26:21]} a6
{[%clk 1:29:58]} 8. Na3 {[%clk 1:26:41]} f5 {[%clk 1:30:23]} 9. Bd3
{[%clk 1:22:04]} f4 {[%clk 1:30:28]} 10. b3 {[%clk 1:19:38]} Nh6 {[%clk 1:25:19]}
11. Bb2 {[%clk 1:15:39]} O-O {[%clk 1:23:32]} 12. Be2 {[%clk 1:13:07]} Be6
{[%clk 1:12:58]} 13. Nc2 {[%clk 1:08:56]} Rc8 {[%clk 1:10:32]} 14. Qd2
{[%clk 1:07:01]} Kh8 {[%clk 1:06:03]} 15. O-O-O {[%clk 1:04:32]} f3
{[%clk 0:57:06]} 16. Bxf3 {[%clk 1:02:36]} Nd4 {[%clk 0:56:14]} 17. Kb1
{[%clk 1:02:20]} Nxf3 {[%clk 0:56:20]} 18. gxf3 {[%clk 1:02:42]} Rxf3
{[%clk 0:56:25]} 19. Ba3 {[%clk 0:54:58]} Ng4 {[%clk 0:49:44]} 20. Rdf1
{[%clk 0:36:53]} Bg5 {[%clk 0:46:47]} 21. Qe1 {[%clk 0:33:24]} b5
{[%clk 0:45:08]} 22. Nd5 {[%clk 0:27:10]} bxc4 {[%clk 0:44:46]} 23. bxc4
{[%clk 0:26:59]} Bxd5 {[%clk 0:41:20]} 24. cxd5 {[%clk 0:23:40]} Rxc2
{[%clk 0:38:26]} 25. Kxc2 {[%clk 0:23:49]} Rxa3 {[%clk 0:38:51]} 26. Kb2
{[%clk 0:23:41]} Rd3 {[%clk 0:39:05]} 27. Qb4 {[%clk 0:19:07]} Rd2+
{[%clk 0:38:59]} 28. Ka1 {[%clk 0:14:53]} Nxf2 {[%clk 0:39:11]} 29. Rhg1
{[%clk 0:14:41]} Be3 {[%clk 0:39:23]} 30. Rg2 {[%clk 0:13:26]} Qc8
{[%clk 0:31:03]} 31. Qxd2 {[%clk 0:09:01]} Bxd2 {[%clk 0:30:57]} 32. Rgxf2
{[%clk 0:09:07]} Qc3+ {[%clk 0:31:02]} 33. Kb1 {[%clk 0:09:25]} h6
{[%clk 0:31:02]} 0-1

[Event "Junior-SM"]
[Site "Örebro"]
[Date "2013.07.14"]
[Round "9"]
[White "Kassani, Sam"]
[Black "Cederstam Barsk, Carl"]
[Result "0-1"]
[BlackElo "2232"]
[WhiteElo "2172"]

1. e4 {[%clk 1:27:48]} e5 {[%clk 1:29:36]} 2. Nf3 {[%clk 1:25:46]} Nc6
{[%clk 1:29:45]} 3. Bc4 {[%clk 1:25:11]} Be7 {[%clk 1:27:01]} 4. d3
{[%clk 1:24:24]} Nf6 {[%clk 1:26:59]} 5. O-O {[%clk 1:24:01]} O-O
{[%clk 1:27:05]} 6. c3 {[%clk 1:23:48]} d6 {[%clk 1:24:07]} 7. Nbd2
{[%clk 1:17:51]} Na5 {[%clk 1:24:02]} 8. Bb5 {[%clk 1:17:09]} a6 {[%clk 1:23:15]}
9. Ba4 {[%clk 1:17:30]} b5 {[%clk 1:19:43]} 10. Bc2 {[%clk 1:17:56]} c5
{[%clk 1:19:26]} 11. d4 {[%clk 1:09:45]} Qc7 {[%clk 1:19:32]} 12. d5
{[%clk 1:10:12]} Nb7 {[%clk 1:14:28]} 13. Ne1 {[%clk 0:49:16]} Bd7
{[%clk 1:13:18]} 14. Qe2 {[%clk 0:42:08]} Rfe8 {[%clk 1:06:04]} 15. c4
{[%clk 0:36:51]} g6 {[%clk 1:02:15]} 16. Nd3 {[%clk 0:35:57]} Bf8
{[%clk 1:01:00]} 17. b3 {[%clk 0:34:00]} Bg7 {[%clk 0:59:11]} 18. Bb2
{[%clk 0:33:38]} Re7 {[%clk 0:32:24]} 19. f3 {[%clk 0:27:27]} Ne8
{[%clk 0:30:40]} 20. Nf2 {[%clk 0:18:07]} Rc8 {[%clk 0:29:03]} 21. Bd3
{[%clk 0:17:13]} b4 {[%clk 0:29:11]} 22. g4 {[%clk 0:13:42]} f6 {[%clk 0:27:08]}
23. Rfe1 {[%clk 0:13:35]} Qb6 {[%clk 0:24:37]} 24. Nf1 {[%clk 0:12:07]} Nd8
{[%clk 0:22:46]} 25. Ng3 {[%clk 0:11:55]} Nf7 {[%clk 0:22:27]} 26. Kg2
{[%clk 0:11:08]} Bf8 {[%clk 0:16:54]} 27. Rh1 {[%clk 0:09:30]} Ng7
{[%clk 0:16:25]} 28. h4 {[%clk 0:09:05]} h6 {[%clk 0:13:26]} 29. Bc1
{[%clk 0:08:31]} Ree8 {[%clk 0:11:29]} 30. Be3 {[%clk 0:08:07]} Be7
{[%clk 0:11:26]} 31. Qd2 {[%clk 0:07:56]} Kh7 {[%clk 0:11:31]} 32. Rag1
{[%clk 0:07:28]} Rh8 {[%clk 0:11:41]} 33. g5 {[%clk 0:05:24]} fxg5
{[%clk 0:10:50]} 34. hxg5 {[%clk 0:05:34]} h5 {[%clk 0:11:13]} 35. Ng4
{[%clk 0:04:46]} Qd8 {[%clk 0:11:07]} 36. Nf6+ {[%clk 0:02:37]} Bxf6
{[%clk 0:11:24]} 37. gxf6 {[%clk 0:03:05]} Qxf6 {[%clk 0:11:48]} 38. f4
{[%clk 0:02:05]} Bg4 {[%clk 0:07:57]} 39. Rf1 {[%clk 0:01:36]} Kg8
{[%clk 0:07:38]} 40. fxe5 {[%clk 0:31:11]} Qxe5 {[%clk 0:38:07]} 41. Rxf7
{[%clk 0:17:21]} Kxf7 {[%clk 0:38:18]} 42. Rf1+ {[%clk 0:17:07]} Kg8
{[%clk 0:38:07]} 43. Bf4 {[%clk 0:14:16]} Qe7 {[%clk 0:38:31]} 44. Bg5
{[%clk 0:13:20]} Qd7 {[%clk 0:38:26]} 45. Rf6 {[%clk 0:12:20]} h4
{[%clk 0:37:33]} 46. Nh1 {[%clk 0:08:24]} Rf8 {[%clk 0:27:55]} 47. e5
{[%clk 0:05:52]} dxe5 {[%clk 0:24:32]} 48. Bxg6 {[%clk 0:00:54]} Rxf6
{[%clk 0:16:45]} 49. Bxf6 {[%clk 0:01:17]} Bf5 {[%clk 0:17:05]} 50. Qg5
{[%clk 0:00:43]} Bxg6 {[%clk 0:16:16]} 51. Qxg6 {[%clk 0:01:01]} Qf7
{[%clk 0:12:24]} 52. Qxf7+ {[%clk 0:01:04]} Kxf7 {[%clk 0:12:53]} 53. Bxe5
{[%clk 0:01:17]} Re8 {[%clk 0:12:02]} 54. Bd6 {[%clk 0:01:21]} Re2+
{[%clk 0:12:27]} 55. Kf3 {[%clk 0:01:04]} Rxa2 {[%clk 0:12:54]} 56. Bxc5
{[%clk 0:01:25]} a5 {[%clk 0:13:16]} 57. Nf2 {[%clk 0:01:02]} a4 {[%clk 0:13:00]}
58. Nd3 {[%clk 0:00:41]} axb3 {[%clk 0:12:51]} 59. d6 {[%clk 0:00:37]} b2
{[%clk 0:12:47]} 60. d7 {[%clk 0:00:35]} Ne6 {[%clk 0:12:40]} 61. Ne5+
{[%clk 0:00:36]} Kg8 {[%clk 0:12:52]} 62. Ke4 {[%clk 0:00:48]} b1=Q+
{[%clk 0:13:13]} 63. Kd5 {[%clk 0:01:13]} Qf5 {[%clk 0:13:08]} 64. Bxb4
{[%clk 0:01:24]} Re2 {[%clk 0:13:24]} 65. Bd6 {[%clk 0:01:43]} Rxe5+
{[%clk 0:13:05]} 66. Bxe5 {[%clk 0:02:09]} Nd8 {[%clk 0:13:26]} 0-1

[Event "Junior-SM"]
[Site "Örebro"]
[Date "2013.07.14"]
[Round "9"]
[White "Olofsson-Dolk, Mattis"]
[Black "Berggren Torell, Harald"]
[Result "0-1"]
[BlackElo "2100"]
[WhiteElo "2113"]

1. e4 {[%clk 1:29:51]} d6 {[%clk 1:31:00]} 2. d4 {[%clk 1:30:09]} Nf6
{[%clk 1:31:29]} 3. Nc3 {[%clk 1:30:29]} g6 {[%clk 1:31:58]} 4. f4
{[%clk 1:30:47]} Bg7 {[%clk 1:32:27]} 5. Nf3 {[%clk 1:31:07]} O-O
{[%clk 1:32:55]} 6. Bd3 {[%clk 1:30:57]} Nc6 {[%clk 1:33:24]} 7. e5
{[%clk 1:30:04]} dxe5 {[%clk 1:33:53]} 8. fxe5 {[%clk 1:29:59]} Nh5
{[%clk 1:34:22]} 9. Be3 {[%clk 1:29:39]} Bg4 {[%clk 1:34:51]} 10. Be2
{[%clk 1:29:22]} f6 {[%clk 1:35:13]} 11. exf6 {[%clk 1:26:59]} exf6
{[%clk 1:35:41]} 12. Qd2 {[%clk 1:22:28]} Re8 {[%clk 1:32:46]} 13. O-O-O
{[%clk 1:19:16]} Nb4 {[%clk 1:22:10]} 14. d5 {[%clk 1:09:46]} Qe7
{[%clk 1:22:02]} 15. Bf2 {[%clk 1:07:51]} Nxa2+ {[%clk 1:22:12]} 16. Nxa2
{[%clk 1:07:44]} Qxe2 {[%clk 1:22:36]} 17. Qxe2 {[%clk 1:04:20]} Rxe2
{[%clk 1:22:35]} 18. Rhf1 {[%clk 1:03:31]} Bh6+ {[%clk 1:09:24]} 19. Kb1
{[%clk 1:03:27]} Nf4 {[%clk 1:07:34]} 20. Nc3 {[%clk 1:02:04]} Nxg2
{[%clk 1:07:13]} 21. Nxe2 {[%clk 1:00:30]} Bxf3 {[%clk 1:07:24]} 22. Nd4
{[%clk 0:59:56]} Bxd1 {[%clk 1:06:57]} 23. Rxd1 {[%clk 1:00:20]} Ne3
{[%clk 1:04:18]} 24. Bxe3 {[%clk 0:59:17]} Bxe3 {[%clk 1:04:38]} 25. Ne6
{[%clk 0:59:31]} Bb6 {[%clk 1:03:35]} 26. c4 {[%clk 0:59:26]} Kf7
{[%clk 1:01:37]} 27. b4 {[%clk 0:57:42]} c6 {[%clk 1:00:04]} 28. c5
{[%clk 0:56:16]} cxd5 {[%clk 1:00:07]} 29. Nf4 {[%clk 0:56:25]} Bc7
{[%clk 0:58:08]} 30. Nxd5 {[%clk 0:56:35]} Bxh2 {[%clk 0:57:34]} 31. Rh1
{[%clk 0:56:45]} Ke6 {[%clk 0:57:09]} 32. Rxh2 {[%clk 0:55:37]} Kxd5
{[%clk 0:57:27]} 33. Rxh7 {[%clk 0:56:04]} a5 {[%clk 0:51:03]} 34. Rxb7
{[%clk 0:55:15]} axb4 {[%clk 0:51:24]} 35. Rb6 {[%clk 0:55:03]} Rf8
{[%clk 0:51:34]} 0-1